000 00826nam a2200217 u 4500
001 000002669
005 20200929150231.0
008 090703s1983 dr ac 001 0dspa d
040 _aDO-SdBNP
_bspa
_cBNPHU
082 _a327.7293
_bM536r
100 1 _aMencía Lister, Rafael,
_c1952-
_98419
245 1 0 _aReminiscencias diplomáticas /
_cRafael Mencía Lister.
260 _aSanto Domingo :
_bMontalvo,
_c1983.
300 _a306 p. :
_bil., retr. ;
_c22 cm.
500 _aIncluye datos biográficos del autor en las solapas.
590 _aInventariado, 2018/BT
650 4 _aPolítica exterior
_98420
650 4 _aDiplomáticos dominicanos
_xCorrespondencia, memorias, etc.
_98421
651 4 _aRepública Dominicana
_xRelaciones Exteriores
_xCorrespondencia, Memorias, Etc.
_98422
910 _aValidado. Control de calidad. EMS
999 _c2505
_d2505